| 000 | 00983nam a22002537a 4500 | ||
|---|---|---|---|
| 999 |
_c1642 _d1642 |
||
| 003 | AR-CdUCM | ||
| 008 | 190227b ||||| |||| 00| 0 spa d | ||
| 020 | _a8483702177 | ||
| 040 |
_aMUNICIPALIDAD PROVINCIAL DEL CUSCO _cBIBLIOTECA MUNICIPAL DEL CUSCO |
||
| 041 | _hale | ||
| 082 |
_a291.17 / _bR84 |
||
| 100 |
_aRösing, Ina _96113 |
||
| 245 |
_aLa Mesa Blanca Callawaya : _bcontribución al análisis observaciones intraculturales y transculturales / |
||
| 260 |
_aBolivia : _bLos amigos del libro, _c1995. |
||
| 300 |
_a330 paginas ; _c23 cm. |
||
| 505 | _aPosición y Perspectiva -- El motivo formulado por el paciente -- Preparación del ritual y especificidad de la curación -- Una curación blanca de Oblitas Poblete... | ||
| 650 |
_aCuración blanca _96114 |
||
| 650 |
_aDespachos, Kintu _96115 |
||
| 650 |
_aRituales Altiplanicos _96116 |
||
| 650 |
_aPotencial curativo _96117 |
||
| 700 |
_aPuente, Rafael _96118 |
||
| 942 |
_2ddc _cLIBROS |
||
| 945 |
_awnts _d2019-02-27 |
||